[Event "2024 National Elementary (K-6) Championship"]
[Site "Columbus, Ohio, United States"]
[Date "2024.04.26"]
[Round "2.25"]
[White "Youn, Andrew"]
[Black "Sheth, Aarav"]
[Result "1-0"]
[TimeControl "G/90; d10"]
[WhiteElo "999"]
[BlackElo "850"]

1. e4 {[%clk 01:30:00]} {[%emt 00:00:02]} e5 {[%clk 01:30:00]} {[%emt
00:00:09]} 2. Nf3 {[%clk 01:30:00]} {[%emt 00:00:04]} Nc6 {[%clk 01:29:59]}
{[%emt 00:00:11]} 3. Bc4 {[%clk 01:30:00]} {[%emt 00:00:05]} Be7 {[%clk
01:29:57]} {[%emt 00:00:13]} 4. d3 {[%emt 00:00:08]} Nf6 {[%clk 01:29:20]}
{[%emt 00:00:44]} 5. c3 {[%clk 01:30:00]} {[%emt 00:00:09]} d6 {[%clk
01:29:18]} {[%emt 00:00:12]} 6. Bb3 {[%clk 01:29:50]} {[%emt 00:00:20]} Be6
{[%clk 01:29:08]} {[%emt 00:00:21]} 7. Bc2 {[%clk 01:29:44]} {[%emt 00:00:16]}
O-O {[%clk 01:28:45]} {[%emt 00:00:32]} 8. d4 {[%clk 01:29:43]} {[%emt
00:00:11]} exd4 {[%clk 01:28:45]} {[%emt 00:00:11]} 9. cxd4 {[%clk 01:29:41]}
{[%emt 00:00:11]} d5 {[%clk 01:28:45]} {[%emt 00:00:10]} 10. e5 {[%clk
01:29:14]} {[%emt 00:00:37]} Nd7 {[%clk 01:27:02]} {[%emt 00:01:52]} 11. Qd3
{[%clk 01:27:50]} {[%emt 00:01:34]} g6 {[%clk 01:25:53]} {[%emt 00:01:18]} 12.
Bh6 {[%clk 01:27:11]} {[%emt 00:00:50]} Re8 {[%clk 01:25:42]} {[%emt 00:00:21]}
13. O-O {[%clk 01:26:31]} {[%emt 00:00:50]} Bf5 {[%clk 01:25:09]} {[%emt
00:00:44]} 14. Qd2 {[%clk 01:26:04]} {[%emt 00:00:35]} Bb4 {[%clk 01:23:58]}
{[%emt 00:01:22]} 15. Nc3 {[%clk 01:25:12]} {[%emt 00:01:03]} Bxc2 {[%clk
01:23:53]} {[%emt 00:00:14]} 16. Qxc2 {[%clk 01:24:46]} {[%emt 00:00:37]} Bf8
{[%clk 01:23:34]} {[%emt 00:00:27]} 17. Bg5 {[%clk 01:24:25]} {[%emt 00:00:32]}
Be7 {[%clk 01:23:00]} {[%emt 00:00:44]} 18. Bxe7 {[%clk 01:24:18]} {[%emt
00:00:17]} Nxe7 {[%clk 01:22:33]} {[%emt 00:00:38]} 19. Nb5 {[%clk 01:23:03]}
{[%emt 00:01:25]} c6 {[%clk 01:20:18]} {[%emt 00:02:24]} 20. Nd6 {[%clk
01:22:45]} {[%emt 00:00:29]} Rf8 {[%clk 01:19:58]} {[%emt 00:00:29]} 21. Qd2
{[%clk 01:22:22]} {[%emt 00:00:34]} Kg7 {[%emt 00:03:35]} 22. Qg5 {[%clk
01:21:36]} {[%emt 00:00:52]} Nc8 {[%clk 01:15:49]} {[%emt 00:00:57]} 23. Nxc8
{[%clk 01:20:29]} {[%emt 00:01:18]} Qxg5 {[%clk 01:15:45]} {[%emt 00:00:12]} 24.
Nxg5 {[%emt 00:00:43]} Raxc8 {[%clk 01:15:43]} {[%emt 00:00:10]} 25. Rac1
{[%clk 01:19:11]} {[%emt 00:00:59]} c5 {[%clk 01:13:28]} {[%emt 00:02:23]} 26.
e6 {[%clk 01:18:27]} {[%emt 00:00:56]} Nb6 {[%clk 01:11:07]} {[%emt 00:02:31]}
27. dxc5 {[%clk 01:18:22]} {[%emt 00:00:15]} Nc4 {[%clk 01:09:48]} {[%emt
00:01:30]} 28. exf7 {[%clk 01:17:04]} {[%emt 00:01:27]} h6 {[%clk 01:09:48]}
{[%emt 00:00:04]} 29. Ne6+ {[%clk 01:16:48]} {[%emt 00:00:27]} Kxf7 {[%clk
01:09:34]} {[%emt 00:00:09]} 30. Nxf8 {[%clk 01:16:43]} {[%emt 00:00:29]} Kxf8
{[%clk 01:09:34]} {[%emt 00:00:01]} 31. Rfd1 {[%clk 01:16:32]} {[%emt
00:00:21]} Rxc5 {[%clk 01:09:34]} {[%emt 00:00:03]} 32. b3 {[%clk 01:16:12]}
{[%emt 00:00:31]} Nb2 {[%clk 01:09:33]} {[%emt 00:00:10]} 33. Rxc5 {[%clk
01:15:57]} {[%emt 00:00:26]} Nxd1 {[%emt 00:00:08]} 34. Rxd5 {[%emt 00:00:16]}
Nc3 {[%clk 01:09:15]} {[%emt 00:00:04]} 35. Rd8+ {[%clk 01:15:44]} {[%emt
00:00:23]} Ke7 {[%clk 01:09:14]} {[%emt 00:00:10]} 36. Rd3 {[%clk 01:15:25]}
{[%emt 00:00:30]} Nxa2 {[%clk 01:09:14]} {[%emt 00:00:09]} 37. Rd2 {[%clk
01:15:07]} {[%emt 00:00:28]} Nb4 {[%clk 01:09:07]} {[%emt 00:00:16]} 38. Re2+
{[%clk 01:14:34]} {[%emt 00:00:44]} Kd6 {[%clk 01:08:27]} {[%emt 00:00:49]} 39.
Kf1 {[%clk 01:14:20]} {[%emt 00:00:25]} Nc6 {[%clk 01:06:17]} {[%emt 00:02:19]}
40. Re3 {[%clk 01:13:46]} {[%emt 00:00:45]} b6 {[%clk 01:05:36]} {[%emt
00:00:50]} 41. Rf3 {[%clk 01:13:02]} {[%emt 00:00:54]} Ke7 {[%clk 01:05:31]}
{[%emt 00:00:16]} 42. Rc3 {[%clk 01:12:31]} {[%emt 00:00:41]} Kd6 {[%clk
01:05:29]} {[%emt 00:00:10]} 43. Ke2 {[%clk 01:11:33]} {[%emt 00:01:08]} b5
{[%clk 01:05:21]} {[%emt 00:00:20]} 44. f4 {[%clk 01:11:08]} {[%emt 00:00:34]}
b4 {[%clk 01:05:21]} {[%emt 00:00:05]} 45. Rc4 {[%clk 01:10:34]} {[%emt
00:00:44]} Na5 {[%clk 01:04:13]} {[%emt 00:01:18]} 46. Rxb4 {[%clk 01:09:56]}
{[%emt 00:00:49]} Kc5 {[%clk 01:04:02]} {[%emt 00:00:05]} 47. Ra4 {[%clk
01:09:03]} {[%emt 00:01:18]} Nxb3 {[%emt 00:00:03]} 48. Rxa7 {[%emt 00:00:50]}
Nd4+ {[%clk 01:02:24]} {[%emt 00:00:55]} 49. Kd3 {[%clk 01:07:22]} {[%emt
00:01:47]} Kd5 {[%clk 01:02:22]} {[%emt 00:00:15]} 50. Rd7+ {[%clk 01:07:04]}
{[%emt 00:00:29]} 1-0

[Event "2024 National Elementary (K-6) Championship"]
[Site "Columbus, Ohio, United States"]
[Date "2024.04.26"]
[Round "2.26"]
[White "Chen, Alex"]
[Black "Deutsch, Andrew Thomas"]
[Result "0-1"]
[TimeControl "G/90; d10"]
[WhiteElo "557"]
[BlackElo "698"]

1. e4 {[%clk 01:30:00]} e5 {[%clk 01:30:00]} {[%emt 00:00:07]} 2. Nf3 {[%clk
01:30:00]} {[%emt 00:00:04]} Nc6 {[%clk 01:30:00]} {[%emt 00:00:09]} 3. Bc4
{[%clk 01:29:52]} {[%emt 00:00:10]} Nf6 {[%clk 01:29:56]} {[%emt 00:00:22]} 4.
Nc3 {[%clk 01:29:42]} {[%emt 00:00:16]} Bc5 {[%clk 01:29:56]} {[%emt 00:00:15]}
5. O-O {[%clk 01:29:35]} {[%emt 00:00:33]} d6 {[%clk 01:29:00]} {[%emt
00:01:08]} 6. d3 {[%emt 00:00:10]} Bg4 {[%emt 00:00:25]} 7. Bg5 {[%emt
00:01:03]} h6 {[%emt 00:00:25]} 8. Bxf6 {[%clk 01:27:13]} {[%emt 00:00:19]}
gxf6 {[%clk 01:28:50]} {[%emt 00:00:29]} 9. a3 {[%clk 01:26:26]} {[%emt
00:00:54]} Nd4 {[%clk 01:28:36]} {[%emt 00:00:29]} 10. b4 {[%clk 01:25:11]}
{[%emt 00:01:18]} Nxf3+ {[%emt 00:00:21]} 11. gxf3 {[%emt 00:00:16]} Bh3 {[%clk
01:27:45]} {[%emt 00:00:30]} 12. Re1 {[%clk 01:25:03]} {[%emt 00:00:12]} Rg8+
{[%clk 01:27:32]} {[%emt 00:00:29]} 13. Kh1 {[%clk 01:24:31]} {[%emt 00:00:34]}
Bxf2 {[%emt 00:01:11]} 14. Nd5 {[%clk 01:21:56]} {[%emt 00:02:14]} Bg2# {[%clk
01:25:54]} 0-1

[Event "2024 National Elementary (K-6) Championship"]
[Site "Columbus, Ohio, United States"]
[Date "2024.04.26"]
[Round "2.27"]
[White "Cooper, Cecilia Ann"]
[Black "Roosen, William"]
[Result "1-0"]
[TimeControl "G/90; d10"]
[WhiteElo "843"]
[BlackElo "991"]

1. e4 {[%clk 01:30:00]} {[%emt 00:00:02]} e5 {[%clk 01:30:00]} {[%emt
00:00:05]} 2. Nf3 {[%clk 01:30:00]} {[%emt 00:00:03]} Nf6 {[%clk 01:30:00]}
{[%emt 00:00:04]} 3. Nxe5 {[%clk 01:30:00]} {[%emt 00:00:07]} d6 {[%clk
01:29:57]} {[%emt 00:00:13]} 4. Nf3 {[%clk 01:30:00]} {[%emt 00:00:05]} Nxe4
{[%clk 01:29:56]} {[%emt 00:00:11]} 5. d4 {[%clk 01:30:00]} {[%emt 00:00:05]}
d5 {[%clk 01:29:56]} {[%emt 00:00:01]} 6. Bd3 {[%clk 01:29:57]} {[%emt
00:00:14]} Bd6 {[%clk 01:29:43]} {[%emt 00:00:23]} 7. O-O {[%clk 01:29:57]}
{[%emt 00:00:09]} O-O {[%clk 01:29:43]} {[%emt 00:00:09]} 8. c4 {[%clk
01:29:57]} {[%emt 00:00:09]} c6 {[%clk 01:29:00]} {[%emt 00:00:53]} 9. Re1
{[%clk 01:29:32]} {[%emt 00:00:35]} Bg4 {[%clk 01:28:48]} {[%emt 00:00:23]} 10.
Bxe4 {[%clk 01:29:01]} {[%emt 00:00:40]} dxe4 {[%clk 01:28:48]} {[%emt
00:00:04]} 11. Rxe4 {[%clk 01:28:54]} {[%emt 00:00:17]} Bf5 {[%clk 01:28:33]}
{[%emt 00:00:25]} 12. Re1 {[%clk 01:28:42]} {[%emt 00:00:23]} b6 {[%clk
01:28:33]} {[%emt 00:00:07]} 13. Nc3 {[%clk 01:28:26]} {[%emt 00:00:26]} c5
{[%clk 01:27:40]} {[%emt 00:01:03]} 14. dxc5 {[%clk 01:27:44]} {[%emt
00:00:51]} bxc5 {[%clk 01:27:40]} {[%emt 00:00:03]} 15. Qd5 {[%clk 01:26:14]}
{[%emt 00:01:39]} Na6 {[%clk 01:27:01]} {[%emt 00:00:50]} 16. Qxf5 {[%clk
01:26:11]} {[%emt 00:00:13]} Re8 {[%clk 01:26:19]} {[%emt 00:00:52]} 17. Rxe8+
{[%clk 01:25:43]} {[%emt 00:00:38]} Qxe8 {[%clk 01:26:19]} {[%emt 00:00:10]} 18.
Bf4 {[%clk 01:24:56]} {[%emt 00:00:56]} Bxf4 {[%clk 01:25:21]} {[%emt
00:01:09]} 19. Qxf4 {[%clk 01:24:47]} {[%emt 00:00:19]} Qe6 {[%clk 01:24:54]}
{[%emt 00:00:35]} 20. Ng5 {[%clk 01:24:33]} {[%emt 00:00:25]} Qg6 {[%clk
01:24:32]} {[%emt 00:00:33]} 21. Nd5 {[%clk 01:23:48]} {[%emt 00:00:54]} Re8
{[%clk 01:24:21]} {[%emt 00:00:21]} 22. h3 {[%clk 01:22:22]} {[%emt 00:01:37]}
h6 {[%clk 01:24:21]} {[%emt 00:00:07]} 23. Nf3 {[%emt 00:00:28]} Kf8 {[%emt
00:00:19]} 24. Ne5 {[%clk 01:20:51]} {[%emt 00:00:53]} Qe6 {[%clk 01:24:05]}
{[%emt 00:00:26]} 25. Re1 {[%clk 01:18:48]} {[%emt 00:02:13]} Nb4 {[%clk
01:23:02]} {[%emt 00:01:13]} 26. Nc7 {[%clk 01:18:15]} {[%emt 00:00:43]} Qd6
{[%clk 01:22:51]} {[%emt 00:00:21]} 27. Qxf7# {[%clk 01:17:58]} {[%emt
00:00:26]} 1-0